Decreto ministeriale che approva il regolamento per la scuola di recitazione / Ministero dell'Istruzione Pubblica
Descripción Física:
7 p. ; 27 cm
MARC
| LEADER | 00000nam a2200000Ia 4500 | ||
|---|---|---|---|
| 001 | 21167 | ||
| 008 | 160829s1895 xx 000 0 cat d | ||
| 080 | |a 3385, exp. 7 | ||
| 100 | |a Roma. Ministero dell'Istruzione Pubblica |9 48285 | ||
| 245 | |a Decreto ministeriale che approva il regolamento per la scuola di recitazione / Ministero dell'Istruzione Pubblica | ||
| 260 | |a Roma : |b Tip. Elzeviriana, |c 1895 | ||
| 300 | |a 7 p. ; |c 27 cm | ||
| 590 | |a A la part superior de la coberta: Estratto dal Bollettino Ufficiale del 31 ottobre 1895 | ||
| 650 | |a Scuola di recitazione di Firenze |x Reglaments i procediment |9 48289 | ||
| 650 | |a Regio Istituto musicale di Firenze |9 48290 | ||
| 700 | |a Regio Istituto musicale di Firenze |9 48291 | ||
| 700 | |a Scuola di recitazione di Firenze |9 48292 | ||
| 901 | |a Arxiu | ||
| 942 | |n 1 | ||
| 952 | |0 0 |1 0 |4 0 |6 3385_EXP_7 |7 1 |9 54449 |a Arxiu |b Arxiu |d 2016-12-01 |l 0 |o 3385, exp. 7 |p 21167 |r 2016-12-01 00:00:00 |w 2016-12-01 |y ARXIU | ||
| 999 | |c 58318 |d 58318 | ||